00277nam a2200109Ia 4500008004100000100003100041245003400072260003000106300000900136942000700145999001500152190216s9999||||xx |||||||||||||| ||und|| aJaggi. K.P And Sushma Jain 0aIntroductory Computer Science bAcademic Foundationc1986 a216p cBK c8354d8354